Formación del profesorado y condiciones sociales de la escolarización
Đã lưu trong:
| Những tác giả chính: | , |
|---|---|
| Định dạng: | Sách |
| Ngôn ngữ: | Tiếng Tây Ban Nha |
| Được phát hành: |
Madrid
Morata
1993
|
| Phiên bản: | 1a. ed |
| Loạt: | Educación Crítica, F
|
| Những chủ đề: | |
| Các nhãn: |
Thêm thẻ
Không có thẻ, Là người đầu tiên thẻ bản ghi này!
|
MARC
| LEADER | 00000nam a2200000 a 4500 | ||
|---|---|---|---|
| 001 | UCK5689 | ||
| 003 | CL-VaPUC | ||
| 008 | 050819e19930000SP |||||||||||||||||spa|d | ||
| 020 | |a 8471123843 | ||
| 082 | 0 | 4 | |a 371.1 |b LIS |2 21 |
| 100 | |a Liston, Daniel P. |e autor |9 494600 | ||
| 700 | 0 | |a Zeichner, Kenneth M |e author |9 494601 | |
| 245 | 1 | 0 | |a Formación del profesorado y condiciones sociales de la escolarización |
| 250 | |a 1a. ed | ||
| 300 | |a 279 p | ||
| 942 | |c BK | ||
| 945 | |d 20050819 00:00:00 |a cmena | ||
| 260 | |a Madrid |b Morata |c 1993 | ||
| 650 | 0 | |a Formación profesional de profesores |9 307493 | |
| 650 | 0 | |a Rol del docente |9 329733 | |
| 650 | 0 | |a Reforma educacional |9 256319 | |
| 650 | 0 | |a Cambio social |9 256857 | |
| 650 | 0 | |a Sociología de la educación |9 260380 | |
| 650 | 0 | |a Planificación de la educación |9 307333 | |
| 650 | 0 | |a Planificación del currículo |9 269599 | |
| 650 | 0 | |a Investigación educacional |9 261192 | |
| 583 | |a last modification |c 20050819 00:00:00 |k Rodrigo Vera | ||
| 490 | 0 | |a Educación Crítica, F | |
| 999 | |c 314184 |d 314182 | ||
| 952 | |0 0 |1 0 |4 0 |6 371_100000000000000_LIS_1993 |7 0 |8 A |9 386181 |a BIBEDU |b BIBEDU |d 2019-11-22 |i 4155866 |o 371.1 LIS 1993 |p 4155866 |r 2019-11-22 |w 2019-11-22 |y BK |k FIL | ||